00553 2200205 4500001002100000005001700021008004100038035002400079090001800103100002400121245005300145250001100198260003800209300002900247650002000276850001600296980001400312985000600326999001500332YOGYA-0209000004944120090227032225.0 ind  0010-020900000049441 a811bKus DlT aKUSSUDIARJA, Bagong aDaya kidungbantologi puisicBagong Kussudiardja aCet. 1 aYogyakartabPadepokan Pressc1992 axvi, 68 hlmbilusc19 cm aPuisi Indonesia aYOPDYOG (B) a15-8-2007 a1 a94A0020827